000 00557cam a22002051 4500
001 4059808
005 20180222080222.0
008 720601s1965 nyua b 000 0 eng
010 _a 65025233
040 _aDLC
_cDLC
_dDLC
041 _aeng
080 _a613.85 EYS
082 0 0 _a613.85 EYS
100 1 _a4
101 _aSHM
245 1 0 _aSmoking, health, and personality
_c[by] H. J. Eysenck.
504 _aBibliographical references included in "Notes" (p. 156-[160])
906 _a7
_bcbc
_corignew
_du
_eocip
_f19
_gy-gencatlg
942 _2ddc
_cBK
999 _c43196
_d43196